书目信息 |
| 题名: |
真实的日子:池莉文集 4
|
|
| 作者: | 池莉 著 | |
| 分册: | ||
| 出版信息: | 南京 江苏文艺出版社 1995.08 |
|
| 页数: | 407页 | |
| 开本: | 32开 | |
| 丛书名: | ||
| 单 册: | ||
| 中图分类: | ||
| 科图分类: | ||
| 主题词: | 散文--中国 , 散文--作品综合集--中国 | |
| 电子资源: | ||
| ISBN: | 7-5399-0790-8 | |
| 000 | 00601nam0 2200217 45 | |
| 001 | 9912100975 | |
| 005 | 20000428090303.6 | |
| 010 | @a7-5399-0790-8@d15.60元 | |
| 100 | @a19991210d1995 km y0chiy0120 ea | |
| 101 | @achi | |
| 105 | @a z 000yy | |
| 200 | 1 | @a真实的日子:池莉文集 4@AZhen Shi De Ri Zi:Chi Li Wen Ji 4@f池莉著@FChi Li Zhu |
| 210 | @a南京@c江苏文艺出版社@d1995.08 | |
| 215 | @a407页@d32开 | |
| 606 | 0 | @a散文@x中国 |
| 606 | 0 | @a散文@x作品综合集@x中国 |
| 690 | @v3 | |
| 690 | @aI267@v3 | |
| 701 | @a池莉@4著 | |
| 801 | @aCN@bPFTUser@c19991210 | |
| 905 | @b54133-135@dI267@eCH.323@f3 | |
| 真实的日子:池莉文集 4/池莉著.-南京:江苏文艺出版社,1995.08 |
| 407页;32开 |
| ISBN 7-5399-0790-8:15.60元 |
| ● |
| 相关链接 |
|
|
|
正题名:真实的日子:池莉文集4
索取号:I267/CH.323
 
预约/预借
| 序号 | 登录号 | 条形码 | 馆藏地/架位号 | 状态 | 备注 |
| 1 | 54133 | 200541333 | 文学库116/ [索取号:I267/CH.323] | 在馆 | |
| 2 | 54134 | 200541342 | 文学库116/ [索取号:I267/CH.323] | 在馆 | |
| 3 | 54135 | 200541351 | 文学库116/ [索取号:I267/CH.323] | 在馆 |